ՀՀ Գիտությունների ազգային ակադեմիայի հիմնարար գիտական գրադարան  =   Fundamental Scientific Library of NAS RA

Литейное производство : (Record no. 529702)

MARC details
000 -LEADER
fixed length control field 01551nam a22002411a 4500
003 - CONTROL NUMBER IDENTIFIER
control field AM-YEHGA
001 - CONTROL NUMBER
control field 1620407
005 - DATE AND TIME OF LATEST TRANSACTION
control field 20250617164810.0
008 - FIXED-LENGTH DATA ELEMENTS--GENERAL INFORMATION
fixed length control field 190618s1962 ru a|||fr||||u000|||rus||
040 ## - CATALOGING SOURCE
Original cataloging agency AM-YeHGA
041 0# - LANGUAGE CODE
Language code of text/sound track or separate title rus
090 ## - LOCALLY ASSIGNED LC-TYPE CALL NUMBER (OCLC); LOCAL CALL NUMBER (RLIN)
-- 568186
245 00 - TITLE STATEMENT
Title Литейное производство :
Remainder of title [Сборник рефератов] /
Statement of responsibility, etc. Под ред. С. Е. Лаврентьева ; Государственный комитет Совета Министров СССР по автоматизации и машиностроению, Управление по автоматизации и средствам производства для машиностроения.
260 ## - PUBLICATION, DISTRIBUTION, ETC.
Place of publication, distribution, etc. Москва :
Name of publisher, distributor, etc. Центр. ин-т науч.-техн. информации по автоматизации и машиностроению,
Date of publication, distribution, etc. 1962.
300 ## - PHYSICAL DESCRIPTION
Extent 120 с. :
Other physical details ил. ;
Dimensions 21 см.
490 0# - SERIES STATEMENT
Series statement "Прогрессивная и типовая технология" ; VII серия.
650 14 - SUBJECT ADDED ENTRY--TOPICAL TERM
Topical term or geographic name entry element Литейное производство
Form subdivision Рефераты.
650 14 - SUBJECT ADDED ENTRY--TOPICAL TERM
Topical term or geographic name entry element Литейное оборудование
Form subdivision Рефераты.
700 1# - ADDED ENTRY--PERSONAL NAME
Personal name Лаврентьев, С. Е.
Relator term ред.
710 2# - ADDED ENTRY--CORPORATE NAME
Corporate name or jurisdiction name as entry element Государственный комитет Совета Министров СССР по автоматизации и машиностроению.
710 2# - ADDED ENTRY--CORPORATE NAME
Corporate name or jurisdiction name as entry element Управление по автоматизации и средствам производства для машиностроения.
942 ## - ADDED ENTRY ELEMENTS (KOHA)
Source of classification or shelving scheme Universal Decimal Classification
Koha item type Գրքեր / Books
Holdings
Withdrawn status Lost status Source of classification or shelving scheme Damaged status Not for loan Collection Home library Current library Date acquired Total checkouts Full call number Barcode Date last seen Price effective from Koha item type Public note
    Universal Decimal Classification     General Fundamental Scientific Library Fundamental Scientific Library 06/04/2022   РII/73115 FL0676221 06/04/2022 06/04/2022 Գրքեր / Books 30 Days Loan


ՀՀ ԳԱԱ հիմնարար գիտական գրադարան
ՀՀ,Երևան 0019
Մարշալ Բաղրամյան 24/6
հեռախոս:(374-10) 52-47-50
Հետադարձ կապ

All site content, except where otherwise noted, is licensed under a
Creative Commons License